MARC

LEADER 00000nam0a2200000 4500
001 94237
005 20231031105550.0
035 |a (RuTPU)RU\TPU\book\100930 
090 |a 94237 
100 |a 20060410d1985 km y0rusy50 ca 
101 0 |a rus 
102 |a RU 
105 |a a z 001zy 
200 1 |a Комплексный анализ эффективности технических решений в энергетике  |f Ю. Б. Гук [и др.]  |g под ред. В. Р. Окорокова; под ред. Д. С. Щавелева 
210 |a Ленинград  |c Энергоатомиздат  |d 1985 
215 |a 175 с.  |c ил. 
300 |a Загл. указано на корешке 
320 |a Библиогр.: с. 171-173 
610 1 |a энергетические системы 
610 1 |a технико-экономический анализ 
610 1 |a эффективность 
610 1 |a технические решения 
610 1 |a оптимизация 
610 1 |a риск 
610 1 |a водные ресурсы 
610 1 |a гидроэлектростанции 
675 |a 621.311  |v 3 
675 |a 658  |v 3 
701 1 |a Гук  |b Ю. Б.  |g Юрий Борисович 
701 1 |a Долгов  |b П. П.  |g Петр Петрович 
701 1 |a Окороков  |b В. Р.  |g Василий Романович 
701 1 |a Семенов  |b М. В.  |g Михаил Владимирович 
701 1 |a Федоров  |b М. П.  |g Михаил Петрович 
701 1 |a Щавелев  |b Д. С.  |g Дмитрий Сергеевич 
702 1 |a Окороков  |b В. Р.  |g Василий Романович  |4 340 
702 1 |a Щавелев  |b Д. С.  |g Дмитрий Сергеевич  |4 340 
801 1 |a RU  |b 63413507  |c 20060410  |g PSBO 
801 2 |a RU  |b 63413507  |c 20150219  |g PSBO 
942 |c BK